000 00823nam a2200253 a 4500
001 BRCA_7500
005 20190320205848.0
008 300413s192u----gw-a######---#000-0#ger-#
041 _ager
044 _agw
050 4 _aN7301
_b.D54 1920
100 1 _aDiez, Ernst
_d1878-1961
_918476
245 1 0 _aDie kunst Indiens
_cvon Ernst Diez ; begründet von Fritz Burger ; herausgegeben von A. E. Brinckmann.
260 _aAlemania
_bAkademische Verlagsgesellschaft Athenaion
_c[192-?]
300 _a193 p.
_bil. (algunas a color), 13 láminas, mapas
_c29 cm.
440 0 _aHandbuch der Kunstwissenschaft
_918477
500 _aR30
650 1 4 _aArte
_zIndia
_918478
651 4 _aIndia
_xCivilización
_918479
700 1 _aBurger, Fritz
_918480
700 1 _aBrinckmann, A. E.
_eed.
_918481
902 _aGFM
942 _2lcc
_cB
999 _c7175
_d7175